Lenguaje
English
Deutsch
Español
Français
Italiano
日本語
Nederlands
Português
Português (Brasil)
中文(简体)
中文(繁體)
Türkçe
עברית
Gaeilge
Cymraeg
Ελληνικά
Català
Euskara
Русский
Čeština
Suomi
Svenska
polski
Dansk
slovenščina
اللغة العربية
বাংলা
Galego
Tiếng Việt
Hrvatski
हिंदी
Հայերէն
Українська
Todos los Campos
Título
Autor
Materia
ISBN/ISSN
Etiqueta
Identificador
Buscar
Avanzado
Т. 54, вып. 1; Кинетика и ката...
Citar
Describir
Enviar este por Correo electrónico
Imprimir
Exportar Registro
Exportar a RefWorks
Exportar a EndNoteWeb
Exportar a EndNote
Enlace Permanente
Esportazione completata correttamente —
Т. 54, вып. 1; Кинетика и катализ
Detalles Bibliográficos
Parent link:
Кинетика и катализ/ Российская академия наук (РАН), Институт органической химии им. Н. Д. Зелинского (ИОХ). Т. 54, вып. 1.— , 1960-
Lenguaje:
ruso
Publicado:
2013
Formato:
Libro
KOHA link:
https://koha.lib.tpu.ru/cgi-bin/koha/opac-detail.pl?biblionumber=502054
Existencias
Descripción
Ejemplares similares
Vista Equipo
MARC
LEADER
00000nam2a2200000 4500
001
502054
005
20231101102256.0
035
|a
(RuTPU)RU\TPU\prd\172567
090
|a
502054
100
|a
20130325a19609999k y0rusy50 ca
101
0
|a
rus
102
|a
RU
200
0
|a
Т. 54, вып. 1
210
|d
2013
461
1
|0
(RuTPU)RU\TPU\prd\215
|t
Кинетика и катализ
|f
Российская академия наук (РАН), Институт органической химии им. Н. Д. Зелинского (ИОХ)
|v
Т. 54, вып. 1
|d
1960-
801
0
|a
RU
|b
63413507
|c
20010227
|g
PSBO
801
1
|a
RU
|b
63413507
|c
20130325
801
2
|a
RU
|b
63413507
|c
20230517
|g
RCR
942
|c
BK
999
|a
НТБ_ТПУ
|b
НФ
|e
-1/20130109
|p
П-6727
|s
5/20121010
|u
0,00
|v
1
Ejemplares similares
Т. 54, вып. 5; Кинетика и катализ
Publicado: (2013)
Т. 54, вып. 6; Кинетика и катализ
Publicado: (2013)
Т. 54, вып. 2; Кинетика и катализ
Publicado: (2013)
Т. 54, вып. 3; Кинетика и катализ
Publicado: (2013)
Т. 54, вып. 4; Кинетика и катализ
Publicado: (2013)